The Man Towards the Moksha (Record no. 7854)
[ view plain ]
| 000 -LEADER | |
|---|---|
| fixed length control field | 00475nam a22001817a 4500 |
| 003 - CONTROL NUMBER IDENTIFIER | |
| control field | OSt |
| 005 - DATE AND TIME OF LATEST TRANSACTION | |
| control field | 20260422123515.0 |
| 008 - FIXED-LENGTH DATA ELEMENTS--GENERAL INFORMATION | |
| fixed length control field | 260422b |||||||| |||| 00| 0 eng d |
| 020 ## - INTERNATIONAL STANDARD BOOK NUMBER | |
| International Standard Book Number | 9789371391054 |
| 040 ## - CATALOGING SOURCE | |
| Transcribing agency | DLC |
| 050 ## - LIBRARY OF CONGRESS CALL NUMBER | |
| Classification number | 294 PRA |
| 082 ## - DEWEY DECIMAL CLASSIFICATION NUMBER | |
| Classification number | 294 PRA |
| 100 ## - MAIN ENTRY--PERSONAL NAME | |
| Personal name | Prakash,Shakti |
| 9 (RLIN) | 35096 |
| 245 ## - TITLE STATEMENT | |
| Title | The Man Towards the Moksha |
| 260 ## - PUBLICATION, DISTRIBUTION, ETC. | |
| Place of publication, distribution, etc. | New Delhi |
| Name of publisher, distributor, etc. | Bluerose Publishers Pvt. Ltd. |
| Date of publication, distribution, etc. | 10 May 2025 |
| 300 ## - PHYSICAL DESCRIPTION | |
| Extent | 111 pages |
| Dimensions | 20.32 x 12.7 x 2.54 cm |
| 942 ## - ADDED ENTRY ELEMENTS (KOHA) | |
| Source of classification or shelving scheme | Dewey Decimal Classification |
| Koha item type | Book |
| Date last seen | Total Checkouts | Full call number | Barcode | Cost, replacement price | Price effective from | Koha item type | Lost status | Source of classification or shelving scheme | Damaged status | Not for loan | Withdrawn status | Home library | Current library | Shelving location | Date acquired | BOOK NO |
|---|---|---|---|---|---|---|---|---|---|---|---|---|---|---|---|---|
| 04/22/2026 | 294 PRA | 004438 | 201.00 | 04/22/2026 | Book | Dewey Decimal Classification | Indian Institute of Management Visakhapatnam | Indian Institute of Management Visakhapatnam | General | 04/22/2026 | PRA |